Iqbal, as I knew him / (Record no. 331820)

000 -LEADER
fixed length control field 00842cam a2200265 a 4500
001 - CONTROL NUMBER
control field 2892891
003 - CONTROL NUMBER IDENTIFIER
control field NUST
005 - DATE AND TIME OF LATEST TRANSACTION
control field 20171027121858.0
008 - FIXED-LENGTH DATA ELEMENTS--GENERAL INFORMATION
fixed length control field 870930s1986 pk acf 000 0beng
010 ## - LIBRARY OF CONGRESS CONTROL NUMBER
LC control number 86931857
020 ## - INTERNATIONAL STANDARD BOOK NUMBER
Terms of availability Rs15.00 (pbk.)
International Standard Book Number 969416074X
040 ## - CATALOGING SOURCE
Original cataloging agency DLC
Transcribing agency DLC
Modifying agency DLC
050 00 - LIBRARY OF CONGRESS CALL NUMBER
Classification number DS481.I65
Item number A65 1986
082 00 - DEWEY DECIMAL CLASSIFICATION NUMBER
Classification number 954.035092
Author Mark AHM
100 1# - MAIN ENTRY--PERSONAL NAME
Personal name Ahmad, Doris.
9 (RLIN) 5695
245 10 - TITLE STATEMENT
Title Iqbal, as I knew him /
Statement of responsibility, etc. by Doris Ahmad.
250 ## - EDITION STATEMENT
Edition statement 1st ed.
260 ## - PUBLICATION, DISTRIBUTION, ETC.
Place of publication, distribution, etc. Lahore :
Name of publisher, distributor, etc. Iqbal Academy Pakistan,
Date of publication, distribution, etc. 1986.
300 ## - PHYSICAL DESCRIPTION
Extent 54 p., [7] p. of plates :
Other physical details ill., ports. ;
Dimensions 22 cm.
600 10 - SUBJECT ADDED ENTRY--PERSONAL NAME
Personal name Iqbal, Muhammad,
Titles and other words associated with a name Sir,
Dates associated with a name 1877-1938.
9 (RLIN) 20
600 10 - SUBJECT ADDED ENTRY--PERSONAL NAME
Personal name Ahmad, Doris.
9 (RLIN) 5695
906 ## - LOCAL DATA ELEMENT F, LDF (RLIN)
a 7
b cbc
c orignew
d 3
e ncip
f 19
g y-gencatlg
942 ## - ADDED ENTRY ELEMENTS (KOHA)
Source of classification or shelving scheme
Koha item type Book
Holdings
Withdrawn status Lost status Source of classification or shelving scheme Damaged status Not for loan Permanent Location Current Location Shelving location Date acquired Full call number Barcode Date last seen Copy number Price effective from Koha item type
          Central Library (CL) Central Library (CL) Book Cart 10/27/2017 928.91439 DOR CL3180 10/27/2017 1 10/27/2017 Book
© 2023 Central Library, National University of Sciences and Technology. All Rights Reserved.